Lázaro Cárdenas : (Record no. 83182)
[ view plain ]
| 000 -CABECERA | |
|---|---|
| campo de control de longitud fija | 00743ngm a2200193 a 4500 |
| 005 - FECHA Y HORA DE LA ÚLTIMA TRANSACCIÓN | |
| campo de control | 20210219153712.0 |
| 008 - ELEMENTOS DE LONGITUD FIJA--INFORMACIÓN GENERAL | |
| campo de control de longitud fija | 010705s1998 mx 042 aaspa d |
| 035 ## - NÚMERO DE CONTROL DEL SISTEMA | |
| Número de control de sistema | UPN01000109271 |
| 049 ## - COLECCIÓN | |
| Colección | AV |
| 050 #4 - SIGNATURA TOPOGRÁFICA DE LA BIBLIOTECA DEL CONGRESO | |
| Número de clasificación | PVI F 833 |
| 245 00 - MENCIÓN DE TÍTULO | |
| Título | Lázaro Cárdenas : |
| Resto del título | entre el pueblo y el poder. |
| 260 ## - PUBLICACIÓN, DISTRIBUCIÓN, ETC. | |
| Lugar de publicación, distribución, etc. | México : |
| Nombre del editor, distribuidor, etc. | Clío, |
| Fecha de publicación, distribución, etc. | 1998. |
| 300 ## - DESCRIPCIÓN FÍSICA | |
| Extensión | 1 videocasete (VHS) (42 min.) : |
| Otras características físicas | son., b y n. |
| 440 #0 - MENCIÓN DE SERIE/ASIENTO SECUNDARIO--TÍTULO | |
| Título | Historia del poder ; |
| Designación de volumen o secuencia | 2) |
| 520 ## - NOTA DE RESUMEN, ETC. | |
| Sumario, etc. | Todos los sexenios encarman una promesa. La de Cárdenas fue doble: la justicia social y la dignidad nacional. Su sexenio tuvo como todos, luces y sombras |
| 600 14 - ASIENTO SECUNDARIO DE MATERIA - NOMBRE PERSONAL | |
| Nombre de persona | CARDENAS DEL RIO, LAZARO, |
| Fechas asociadas al nombre | 1895-1970 |
| 610 14 - ASIENTO SECUNDARIO DE MATERIA - NOMBRE CORPORATIVO | |
| Nombre de entidad corporativa o nombre de jurisdicción como elemento de entrada | MEXICO. |
| Unidad subordinada | PRESIDENTE (1934-1940 : CARDENAS DEL RIO) |
| 905 ## - TIPO DE MATERIAL | |
| Tipo de material | Audiovisuales |
| Estado de retiro | Estado de pérdida | Fuente del sistema de clasificación o colocación | Estado dañado | No para préstamo | Código de colección | Localización permanente | Ubicación/localización actual | Ubicación en estantería | Total de préstamos | Clasificación | Código de barras | Fecha visto por última vez | Número de copia | Tipo de ítem Koha |
|---|---|---|---|---|---|---|---|---|---|---|---|---|---|---|
| Library of Congress Classification | Audiovisuales | Bib. Gregorio Torres Quintero | Bib. Gregorio Torres Quintero | Audiovisual | PVI F 833 | 170711 | 31/12/2020 | 1 | Videocasete |
